| 000 | 01250nam a2200265Ia 4500 | ||
|---|---|---|---|
| 005 | 20140903173607.0 | ||
| 008 | 130821s1996 ck gr spa | ||
| 020 | _a9586830047 | ||
| 040 |
_aCo-BoUCM _bspa |
||
| 041 | 0 | 0 | _aspa |
| 111 | 1 | 0 |
_aSeminario Sistemas de transporte para las grandes ciudades ( _d1996 mar. 6-8 _cBogotá) |
| 245 | 1 | 0 |
_aEl transporte urbano un desafío para el próximo milenio _cSeminario Sistemas de transporte para las grandes ciudades |
| 260 |
_aBogotá (Colombia) _bCentro Editorial Javeriano _c1996 |
||
| 300 | _a208 páginas | ||
| 650 | 0 | 4 |
_aComercio _911192 |
| 650 | 0 | 4 |
_aPolítica y transporte urbano _vCongresos, conferencias, etc. _922046 |
| 650 | 0 | 4 |
_aTransporte urbano _vCongresos, conferencias, etc. _925707 |
| 650 | 0 | 4 |
_aTransporte urbano _zBarcelona (España) _vCongresos, conferencias, etc. _925707 |
| 650 | 0 | 4 |
_aTransporte urbano _zBogotá (Colombia) _vCongresos, conferencias, etc. _925707 |
| 650 | 0 | 4 |
_aTransporte urbano _zParis (Francia) _vCongresos, conferencias, etc. _925707 |
| 700 |
_aMontezuma, Ricardo _eed. |
||
| 710 |
_aPontificia Universidad Javeriana. _bInstituto Javeriano de Vivienda y Urbanismo. INJAVIU |
||
| 942 |
_cLIBRO _a7 _e1 _mT772 _2DEWEY _h388.4 |
||
| 999 |
_c51146 _d51146 |
||